El rey del tango : La catarata (cuentos) /
Uloženo v:
| Hlavní autor: | |
|---|---|
| Médium: | Neznámo |
| Jazyk: | Spanish |
| Vydáno: |
El Salvador :
[editor no identificado],
c1964.
|
| Témata: | |
| Tagy: |
Přidat tag
Žádné tagy, Buďte první, kdo vytvoří štítek k tomuto záznamu!
|
MARC
| LEADER | 000000000a22000000004500 | ||
|---|---|---|---|
| 001 | 002474 | ||
| 041 | 0 | |a spa | |
| 082 | 0 | 4 | |a Ho863.4 |b P438r |
| 100 | 1 | |a Pérez Cadalso, Eliseo | |
| 245 | 1 | 3 | |a El rey del tango : |b La catarata (cuentos) / |c Eliseo Pérez Cadalso. |
| 260 | 1 | |a El Salvador : |b [editor no identificado], |c c1964. | |
| 300 | |a 38 páginas | ||
| 650 | 4 | |a LITERATURA HONDUREÑA | |
| 650 | 4 | |a CUENTOS | |
| 999 | |c 8907 |d 8907 | ||
| 942 | |c BK |h Ho863.4 P438r |2 z | ||
